| 000 | 01318nam a2200205 i 4500 | ||
|---|---|---|---|
| 001 | 44584 | ||
| 003 | ES-MaACL | ||
| 005 | 20250909180542.0 | ||
| 007 | t| | ||
| 008 | 151102m18851889sp ||||1| spa d | ||
| 245 | 0 | 0 |
_aColección de las instituciones políticas y jurídicas de los pueblos modernos / _cdirigida su publicación y anotadas por Vicente Romero y Girón y Alejo García Moreno. |
| 260 |
_aMadrid : _bGóngora, _c1885-1889. |
||
| 300 |
_a13 v. ; _c24 cm. |
||
| 505 | 8 | _aContiene: t. 1. Instituciones de Bélgica (948 p.) -- t. 2. Instituciones de Alemania (780 p.) -- t. 3. Instituciones del Reino de Italia (911 p.) -- t. 4 . Instituciones de la Républica Francesa (tomo I) (751 p.)-- t. 5. Instituciones y códigos franceses (tomo II) (748 p.) -- t. 6. Instituciones y códigos de Holanda (788 p.) -- t. 7. Leyes y códigos portugueses (792 p.) -- t. 8. Instituciones y códigos de Suiza (754 p.) -- t. 9. Austria y Estados del Oriente de Europa (778 p.) -- t. 10. Austria y Estados orientales (conclusión, tomo II) (886 p.) -- t. 11. Inglaterra y Estados del Norte de Europa (932 p.) | |
| 650 | 7 |
_aDerecho- _zEuropa _2 _9158059 |
|
| 700 | 1 |
_aRomero Girón, Vicente, _d1835-1900 _999395 |
|
| 700 | 1 |
_aGarcía Moreno, A. _954997 |
|
| 852 |
_aES-MaACL _jF-3375-85 |
||
| 999 |
_c44584 _d44584 |
||